| 000 | 00000nam 2200000za 4500 |
| 001 | 9.699947 |
| 003 | CaOODSP |
| 005 | 20210625000619 |
| 007 | cr ||||||||||| |
| 008 | 150407|1907||||xxc|||||o f|0| 0 eng d |
| 040 | |aCaOODSP|beng |
| 043 | |an-cn--- |
| 086 | 1 |aCP32-128/1907E-PDF |
| 086 | 1 |aZ1-1907/1E-PDF |
| 110 | 1 |aCanada. |bPrivy Council Office. |
| 245 | 10|aReport of the Royal Commission on a Dispute Respecting Hours of Employment Between the Bell Telephone Company of Canada, Ltd. and Operators at Toronto, Ont. / |h[electronic resource]|c[by] W.L. Mackenzie King, chairman, and John Winchester, commissioner. |
| 246 | 1 |aToronto Telephone Commission |
| 260 | |aOttawa - Ontario : |bPrivy Council Office |c1907. |
| 300 | |a109p.|btables |
| 500 | |a"Issued by the Department of Labour, Canada"--Cover. Historical publication digitized in 2009 by Privy Council Office of Canada. |
| 590 | |a15-04-Supp|b2015-03-19 |
| 690 | 07|aCommissions of inquiry|2gcpds |
| 690 | 07|aLabour disputes|2gcpds |
| 690 | 07|aTelephones|2gcpds |
| 856 | 40|ahttp://publications.gc.ca|qPDF|s7.01 MB|uhttps://publications.gc.ca/collections/collection_2014/bcp-pco/CP32-128-1907-eng.pdf |